| 000 | 00377nam a2200157Ia 4500 | ||
|---|---|---|---|
| 008 | 230718s9999 xx 000 0 und d | ||
| 041 | _aeng | ||
| 082 |
_a621.38 _bBHI |
||
| 100 | _aBhide S.D. | ||
| 245 | _aLinear Circuit Analysis | ||
| 260 | _bShree | ||
| 365 |
_cRs. _b80.00 |
||
| 500 | _aDONATED | ||
| 700 | _aBhide S.D. & Tokekar M.K. | ||
| 906 |
_dB:-03-Apr-2007 _cETC |
||
| 999 |
_c316185 _d316185 |
||